| 000 | 00000nam##2200000za#4500 |
| 001 | 9.607795 |
| 003 | CaOODSP |
| 005 | 20210624213314 |
| 007 | cr ||||||||||| |
| 008 | 150406|2001||||xxc|||||o f|0| 0 fre|d |
| 040 | |aCaOODSP|bfre |
| 043 | |an-cn--- |
| 086 | 1 |aNH18-22/101-131F-PDF |
| 110 | 2 |aSociété canadienne d'hypothèques et de logement. |
| 245 | 10|aÉtudes sur la collecte et le traitement des eaux usées / |h[ressource électronique] |
| 250 | |aRévision 2007 |
| 260 | |aOttawa - Ontario : |bSociété canadienne d'hypothèques et de logement |cc2002, 2007. |
| 300 | |a12p. |
| 490 | 1 |aLe point en recherche et développement; série technique|v01-131 |
| 500 | |aFichier reproduit à partir de l'original imprimé. |
| 590 | |a14-17-Supp|b2014-10-09 |
| 775 | 08|tSewage collection and treatment reports |w(CaOODSP)9.580857 |
| 830 | #0|aLe point en recherche et développement; série technique ;|v01-131|w(CaOODSP)9.500900 |
| 856 | 40|ahttp://publications.gc.ca|qPDF|s248 Ko|uhttps://publications.gc.ca/collections/collection_2014/schl-cmhc/NH18-22-101-131-fra.pdf|y01-131 |